Loading...
നവോത്ഥാനത്തിന്റെ രാഷ്ട്രീയമാനങ്ങൾ (Navodhanathinte rashtreeyamanangal)
| Main Author: | |
|---|---|
| Format: | Printed Book |
| Published: |
Thrissur
Green books
2019
|
| Subjects: |
| LEADER | 00607nam a2200145 4500 | ||
|---|---|---|---|
| 999 | |c 58477 |d 58477 | ||
| 020 | |a 9789388830072 | ||
| 082 | |a M894.8124 |b NAR/N | ||
| 100 | |a നാരായണൻ, എംജി എസ് (Narayanan, M G S) | ||
| 245 | |a നവോത്ഥാനത്തിന്റെ രാഷ്ട്രീയമാനങ്ങൾ (Navodhanathinte rashtreeyamanangal) | ||
| 260 | |a Thrissur |b Green books |c 2019 | ||
| 300 | |a 112p | ||
| 650 | |a essays | ||
| 942 | |c BK | ||
| 952 | |0 0 |1 0 |4 0 |6 M_894_812400000000000_NAR_N |7 0 |9 65578 |a KUCL |c M |d 2020-02-26 |g 135.00 |l 0 |o M894.8124 NAR/N |p 50025 |r 2020-02-26 |w 2020-02-26 |y BK | ||